000 00532nam a2200229Ia 4500
008 210210b2006 xxu||||| |||| 00| 0 eng d
020 _a8175963123
041 _aeng
082 _a427.954 KRIS
100 _aKRISHNASWAMY (D)
245 _aStory of english in India
260 _aNew Delhi
_bFoundation Books
_c2006
300 _avii,226
650 _aStory
650 _aof
650 _aIndia
650 _ain
650 _aenglish
690 _aEnglish Usage
700 _aKRISHNASWAMY (Lalitha)
906 _a064346
999 _c116257
_d116257